<?xml version="1.0" encoding="UTF-8"?>
<record
    xmlns:xsi="http://www.w3.org/2001/XMLSchema-instance"
    xsi:schemaLocation="http://www.loc.gov/MARC21/slim http://www.loc.gov/standards/marcxml/schema/MARC21slim.xsd"
    xmlns="http://www.loc.gov/MARC21/slim">

  <leader>00773nam a2200229   4500</leader>
  <controlfield tag="001">49226</controlfield>
  <controlfield tag="003">BD-RjUL</controlfield>
  <controlfield tag="005">20211209054643.0</controlfield>
  <controlfield tag="008">160818s1979    bg ||||| |||| 00| 0 ben d</controlfield>
  <datafield tag="020" ind1=" " ind2=" ">
    <subfield code="c">: TK 12.00 </subfield>
  </datafield>
  <datafield tag="035" ind1=" " ind2=" ">
    <subfield code="a">(BD-RjUL)49345</subfield>
  </datafield>
  <datafield tag="040" ind1=" " ind2=" ">
    <subfield code="a">BD-RjUL</subfield>
    <subfield code="b">ben </subfield>
    <subfield code="c">BD-RjUL</subfield>
  </datafield>
  <datafield tag="041" ind1=" " ind2=" ">
    <subfield code="a">ben </subfield>
  </datafield>
  <datafield tag="082" ind1=" " ind2=" ">
    <subfield code="2">23 </subfield>
    <subfield code="a">294.594 </subfield>
    <subfield code="b">DEH 1979 </subfield>
  </datafield>
  <datafield tag="100" ind1=" " ind2=" ">
    <subfield code="a">&#x9A6;&#x9C7;&#x9AC;&#x9A8;&#x9BE;&#x9A5;, &#x9A6;&#x9C0;&#x9A8;&#x9C7;&#x9B6; &#x99A;&#x9A8;&#x9CD;&#x9A6;&#x9CD;&#x9B0; </subfield>
    <subfield code="9">144221</subfield>
  </datafield>
  <datafield tag="245" ind1="1" ind2="0">
    <subfield code="a">&#x9B9;&#x9BF;&#x9A8;&#x9CD;&#x9A6;&#x9C1; &#x986;&#x987;&#x9A8; / </subfield>
    <subfield code="c">&#x9A6;&#x9C0;&#x9A8;&#x9C7;&#x9B6; &#x99A;&#x9A8;&#x9CD;&#x9A6;&#x9CD;&#x9B0; &#x9A6;&#x9C7;&#x9AC;&#x9A8;&#x9BE;&#x9A5; </subfield>
  </datafield>
  <datafield tag="260" ind1=" " ind2=" ">
    <subfield code="a">&#x9A2;&#x9BE;&#x995;&#x9BE; :</subfield>
    <subfield code="b">&#x9AC;&#x9C7;&#x9A3;&#x9C1; &#x9A6;&#x9C7;&#x9AC;&#x9A8;&#x9BE;&#x9A5;, </subfield>
    <subfield code="c">&#x9E7;&#x9EF;&#x9ED;&#x9EF; </subfield>
  </datafield>
  <datafield tag="300" ind1=" " ind2=" ">
    <subfield code="a">&#x9E7;&#x9E6;&#x9EA; &#x9AA;&#x9C3;. ; </subfield>
    <subfield code="c">&#x9E8;&#x9E7; &#x9B8;&#x9C7;&#x9AE;&#x9BF;. </subfield>
  </datafield>
  <datafield tag="650" ind1=" " ind2=" ">
    <subfield code="a">&#x9B9;&#x9BF;&#x9A8;&#x9CD;&#x9A6;&#x9C1; &#x986;&#x987;&#x9A8; </subfield>
    <subfield code="9">126045</subfield>
  </datafield>
  <datafield tag="650" ind1=" " ind2=" ">
    <subfield code="a">Hindu Law </subfield>
    <subfield code="9">147940</subfield>
  </datafield>
  <datafield tag="942" ind1=" " ind2=" ">
    <subfield code="2">ddc</subfield>
    <subfield code="c">BK</subfield>
  </datafield>
  <datafield tag="999" ind1=" " ind2=" ">
    <subfield code="c">49226</subfield>
    <subfield code="d">49226</subfield>
  </datafield>
  <datafield tag="952" ind1=" " ind2=" ">
    <subfield code="0">0</subfield>
    <subfield code="1">0</subfield>
    <subfield code="2">ddc</subfield>
    <subfield code="4">0</subfield>
    <subfield code="7">0</subfield>
    <subfield code="8">NFIC</subfield>
    <subfield code="a">RUCL</subfield>
    <subfield code="b">RUCL</subfield>
    <subfield code="c">Stack</subfield>
    <subfield code="d">1980-02-08</subfield>
    <subfield code="e">Lekhok,</subfield>
    <subfield code="g">12.50</subfield>
    <subfield code="l">2</subfield>
    <subfield code="o">B 294.594  DEH 1979</subfield>
    <subfield code="r">2024-10-24 00:00:00</subfield>
    <subfield code="s">2024-10-09</subfield>
    <subfield code="t">C-2</subfield>
    <subfield code="w">2021-12-09</subfield>
    <subfield code="y">BK</subfield>
  </datafield>
</record>
